Statistics for Five Most Populated Countries on a Multicolored World Map

Click here to take the quiz!

General Stats

  • This quiz has been taken 2,490 times
  • The average score is 32 of 40

Answers on the Map

Answers color-coded by a green-red scale on the quiz's map according to % correct below.
Loading ...
 

Answer Stats

ColorCountry% Correct
RedUnited States
100%
YellowChina
98%
GreenBrazil
96%
BlackRussia
94%
PurpleIndia
94%
RedIndonesia
94%
GreenUnited Kingdom
94%
YellowArgentina
93%
BlueMexico
92%
RedCanada
92%
OrangeDR Congo
91%
YellowGermany
91%
BlueFrance
90%
OrangeEgypt
90%
RedAlgeria
90%
RedEthiopia
89%
BlueIran
88%
BlackJapan
87%
PurpleNigeria
86%
OrangeItaly
86%
PinkPakistan
84%
PinkTurkey
82%
BlueThailand
80%
BlueVietnam
79%
BlackMyanmar
78%
PinkColombia
78%
OrangeIraq
77%
GreenPoland
75%
PurpleVenezuela
75%
BlackBangladesh
74%
OrangeMali
73%
YellowKenya
70%
PinkTanzania
68%
BlackRomania
60%
GreenMozambique
58%
YellowPhilippines
53%
PurpleSouth Korea
51%
GreenCameroon
48%
PurpleCôte d’Ivoire
39%
PinkUzbekistan
35%

Score Distribution

Percentile by Number Answered

Percent of People with Each Score

Your Score History

You have not taken this quiz